000 00750pam a2200193 a 4500
020 _a0872626903
082 0 0 _a624.1
_bSEL
245 0 0 _aSelected papers from Chinese journals of structural engineering /
_cedited by Robert C.Y. Young.
260 _aNew York, N.Y. :
_bAmerican Society of Civil Engineers,
_cc1989.
300 _a226 p. :
_bill. ;
_c26 cm.
500 _a"Approved for publication by the Structural Division of the American Society of Civil Engineers."
526 _a0
_b0
_c0
_d624_100000000000000_SEL
650 0 _aMCE
_9379
650 0 _aStructural engineering
_zChina.
_946698
650 0 _aStructural engineering.
700 1 _aYoung, Robert C. Y.
_946699
710 2 _aAmerican Society of Civil Engineers.
_9702
942 _2ddc
_cBK
999 _c549962
_d549962